<?xml version="1.0" encoding="UTF-8"?>
<collection xmlns:xsi="http://www.w3.org/2001/XMLSchema-instance" xsi:schemaLocation="http://www.loc.gov/MARC21/slim http://www.loc.gov/standards/marcxml/schema/MARC21slim.xsd" xmlns="http://www.loc.gov/MARC21/slim">
 <record>
  <leader>00000nam a22000004a 4500</leader>
  <controlfield tag="001">UP-1685675941131458602</controlfield>
  <controlfield tag="003">Buklod</controlfield>
  <controlfield tag="005">20231017102301.0</controlfield>
  <controlfield tag="006">m     q  z        </controlfield>
  <controlfield tag="007">ta</controlfield>
  <controlfield tag="008">231017s2022    enka    r   b|001 0|eng  </controlfield>
  <datafield tag="020" ind1=" " ind2=" ">
   <subfield code="a">9780367695224 (hbk)</subfield>
  </datafield>
  <datafield tag="037" ind1=" " ind2=" ">
   <subfield code="a">BC-73921</subfield>
   <subfield code="b">New Century Books</subfield>
   <subfield code="c">Php 5,035.50</subfield>
   <subfield code="n">Human Kinetics Program</subfield>
  </datafield>
  <datafield tag="040" ind1=" " ind2=" ">
   <subfield code="a">OCLC</subfield>
   <subfield code="d">BAG</subfield>
   <subfield code="e">rda</subfield>
  </datafield>
  <datafield tag="041" ind1="0" ind2=" ">
   <subfield code="a">eng</subfield>
  </datafield>
  <datafield tag="090" ind1=" " ind2="0">
   <subfield code="a">GV 649</subfield>
   <subfield code="b">I53 2022</subfield>
  </datafield>
  <datafield tag="245" ind1="0" ind2="0">
   <subfield code="a">Indigenous sports history and culture in Asia </subfield>
   <subfield code="c">edited by Fan Hong and Liu Li.</subfield>
  </datafield>
  <datafield tag="264" ind1=" " ind2="1">
   <subfield code="a">Abingdon, Oxon, [England]</subfield>
   <subfield code="b">Routledge</subfield>
   <subfield code="c">2022.</subfield>
  </datafield>
  <datafield tag="300" ind1=" " ind2=" ">
   <subfield code="a">vii, 159 pages</subfield>
   <subfield code="b">illustrations</subfield>
   <subfield code="c">26 cm</subfield>
  </datafield>
  <datafield tag="336" ind1=" " ind2=" ">
   <subfield code="a">text</subfield>
   <subfield code="2">rdacontent</subfield>
  </datafield>
  <datafield tag="337" ind1=" " ind2=" ">
   <subfield code="a">unmediated</subfield>
   <subfield code="2">rdamedia</subfield>
  </datafield>
  <datafield tag="338" ind1=" " ind2=" ">
   <subfield code="a">volume</subfield>
   <subfield code="2">rdacarrier</subfield>
  </datafield>
  <datafield tag="490" ind1="0" ind2=" ">
   <subfield code="a">Sport in the global society : historical perspectives</subfield>
  </datafield>
  <datafield tag="504" ind1=" " ind2=" ">
   <subfield code="a">Includes bibliographical references and index.</subfield>
  </datafield>
  <datafield tag="505" ind1="0" ind2=" ">
   <subfield code="a">Introduction: Indigenous Sports in Asia: Tradition and Modernity / Fan Hong and Liu Li -- 1. Conquering the World: The ‘Martial’ Power of Japan Goes Global / Evgenia Lachina -- 2. The Japanese and Korean Martial Arts: In Search of a Philosophical Framework Compatible to History / Udo Moenig and Minho Kim --3. The Heritagization and Institutionalization of Taekkyeon: An Intangible Cultural Heritage / Jin-Kyung Park, Hyae-Syn Tae, Gwang Ok, and Sun-Yong Kwon -- 4. Comparative Research on the Modernization of Chinese and Japanese National Traditional Sports from a Culturology Perspective / Li Lu and Dong Pan -- 5. Body · Experience · Imagination: The Collective Memory of Chinese Martial Arts / Lu An and Fan Hong -- 6. From Exclusion to Inclusion: Changes in Women’s Roles in Folk Sports and Indigenous Physical Culture in China / Huan Xiong, Junyu Deng, and Jiao Yuan -- 7. History and Singularity of Krav-Maga / Guy Mor -- 8. Taekwondo and Peace: How a Killing Art Became a Soft Diplomacy Vehicle for Peace / John A. Johnson.</subfield>
  </datafield>
  <datafield tag="520" ind1=" " ind2=" ">
   <subfield code="a">This book examines the history, contemporary governance and management, gender, and ethnic issues embedded in folk sports and physical culture, and the challenges faced by Asian indigenous sports and their evolution. Based on cutting-edge research from China, Japan, Korea, Israel and beyond, this book will be a valuable addition to any course in sport history, sport culture, sport development and sport sociology. It will stimulate those who are seeking ways to promote and develop indigenous sports, from intangible cultural heritage protection to global sport partnership. It will also be of interest to students, researchers, and practitioners, who wish to understand the changing face of Asian society and Asian indigenous sport.</subfield>
  </datafield>
  <datafield tag="650" ind1=" " ind2="0">
   <subfield code="a">Asians</subfield>
   <subfield code="x">Sports</subfield>
   <subfield code="x">History.</subfield>
  </datafield>
  <datafield tag="650" ind1=" " ind2="0">
   <subfield code="a">Sports</subfield>
   <subfield code="z">Asia</subfield>
   <subfield code="x">History.</subfield>
  </datafield>
  <datafield tag="650" ind1=" " ind2="0">
   <subfield code="a">Asians</subfield>
   <subfield code="x">Social life and customs.</subfield>
  </datafield>
  <datafield tag="700" ind1="1" ind2=" ">
   <subfield code="a">Fan, Hong </subfield>
   <subfield code="d">1957- </subfield>
   <subfield code="e">editor.</subfield>
  </datafield>
  <datafield tag="700" ind1="1" ind2=" ">
   <subfield code="a">Li, Liu</subfield>
   <subfield code="e">editor.</subfield>
  </datafield>
  <datafield tag="905" ind1=" " ind2=" ">
   <subfield code="a">FO</subfield>
  </datafield>
  <datafield tag="852" ind1="0" ind2=" ">
   <subfield code="a">UPBAG</subfield>
   <subfield code="b">UPBAG-MAIN</subfield>
   <subfield code="h">GV 649</subfield>
   <subfield code="i">I53 2022</subfield>
  </datafield>
  <datafield tag="942" ind1=" " ind2=" ">
   <subfield code="a">Book</subfield>
  </datafield>
 </record>
</collection>
